| 000 | 00509nam a2200169 4500 | ||
|---|---|---|---|
| 001 | 122625 | ||
| 003 | ES-MaACL | ||
| 005 | 20230906192019.0 | ||
| 007 | t| | ||
| 008 | 070214s1948 sp r ||||1| spa d | ||
| 100 | 1 |
_aPuig, Juan. _994232 |
|
| 245 | 1 | 3 |
_aEl agua en la industria textil y su rectificación para usos industriales en general / _cJuan Puig. |
| 250 | _a1ª. ed. | ||
| 260 |
_aBarcelona : _bJosé Montesó, _c1948. |
||
| 300 |
_a523 p. : _bil. ; _c23 cm. |
||
| 852 |
_aES-MaACL _jC-5378 _bR.25577 |
||
| 999 |
_c122625 _d122625 |
||